000 01069 a2200217 4500
001 60482
005 20260407155856.0
008 260407a2003 arg spa d
003 AR-UNSa-BCEJYS
040 _aAR-UNSa-BCEJYS
_bspa
_cAR-UNSa-BCEJYS
080 _a320
_xCiencia Política (Política y Gobierno)
245 1 0 _aEl nuevo institucionalismo
_pLa teoría institucional en ciencia política
020 _a978-84-7432-887-5
264 1 _aBarcelona :
_bGedisa
_c2003
300 _a254 p.
_c22 cm.
505 _a1. Viejo y nuevo institucionalismo - 2. Las raíces del nuevo institucionalismo: el institucionalismo normativo – 3. Teoría de la elección racional y teoría institucional – 4. El legado del pasado: el institucionalismo histórico – 5. Institucionalismo empírico – 6. Institucionalismo sociológico – 7. Institución de representación de intereses – 8. Institucionalismo internacional – 9. ¿Un institucionalismo o muchos? -
041 _aspa
942 _cBK
590 _aniveau_biblio:m niveau_hierar:0
100 1 _aPeters, B. Guy
999 _c7011
_d7011